00574pab a2200181 454500008004000000100002600040245006400066260000900130300001300139362001100152650003900163650001900202773003400221908000600255909001000261999001700271952010400288180718b2013 xxu||||| |||| 00| 0 eng d aVaddiraju, Anil Kumar aA tale of many cities: Governance and planning in Karnataka c2013 ap.66-69. a12 Jan aUrban planning - India - Karnataka aUrban planning aEconomic and Political Weekly aN a98581 c98580d98580 00104070aIIPAbIIPAd2018-07-19hVolume no: 48, Issue no: 2pAR99041r2018-07-19w2018-07-19yAR